| 000 | 00629nam a2200229 a 4500 | ||
|---|---|---|---|
| 008 | |||
| 020 | _a0471969001 (hbk.) | ||
| 049 | _aMAIN | ||
| 090 |
_aQR46 _bWYS |
||
| 100 | _aWyss, Orville | ||
| 245 | 0 |
_aMicroorganisms and man/ _cOrville Wyss and Curtis Eklund |
|
| 260 |
_aNew York : _b John Wiley, _cc1971. |
||
| 300 |
_aix, 389 p. : _bill. ; _c24cm |
||
| 500 | _aIncludes index. | ||
| 650 | _aMicrobiology. | ||
| 700 | _aEklund, Curtis | ||
| 907 |
_a.b10116539 _b13-08-09 _c01-04-04 |
||
| 003 | |||
| 005 | 20230123124942.0 | ||
| 040 | _cNUST | ||
| 942 |
_cBOOKS _kQR46 _mWYS |
||
| 999 |
_c133145 _d133145 |
||